000 00479nam a2200181 4500
001 19619
005 20230410124134.0
008 060907n2003 dr spa
020 _a0847825299
035 _9funglode19770
041 _aEN
050 1 4 _aNA 737 G994 2003
245 0 _aGwathmey Siegel :
_bBuildings and projects 1992-2002 /
_cEdited by Brad Collins
260 _aNew York :Rizzoli,
_c2003
300 _a368
700 _aCollins, Brad
942 _2lcc
_cbk
999 _c71777
_d71777